Statistics for BUFFALO BILLS 2022-2023 ROSTER

Click here to take the quiz!

General Stats

  • This quiz has been taken 671 times
  • The average score is 25 of 58

Answer Stats

Answer% Correct
QBJosh Allen
99%
WRStefon Diggs
95%
RBDevin Singletary
89%
WRGabriel Davis
87%
TEDawson Knox
83%
RBJames Cook
83%
CB (PUP)Tre'Davious White
74%
SJordan Poyer
72%
KTyler Bass
71%
SMicah Hyde
65%
WRIsaiah McKenzie
64%
DLVon Miller
64%
LBMatt Milano
63%
QBCase Keenum
62%
LBTremaine Edmunds
56%
HCSean McDermott
55%
RBZach Moss
55%
SDamar Hamlin
54%
DLEd Oliver
52%
OLDion Dawkins
51%
OLMitch Morse
50%
WRKhalil Shakir
47%
SJaquan Johnson
46%
CBTaron Johnson
46%
OLSpencer Brown
45%
RBTaiwan Jones
44%
DLDaQuan Jones
43%
CBKaiir Elam
43%
CBDane Jackson
41%
DLGreg Rousseau
40%
DCLeslie Frazier
34%
PSam Martin
34%
TETommy Sweeney
34%
OCKen Dorsey
33%
DLJordan Phillips
32%
TEQuintin Morris
31%
WRJamison Crowder
29%
LSReid Ferguson
29%
OLRodger Saffold
28%
CBChristian Benford
27%
OLRyan Bates
27%
DLBoogie Basham
25%
WRJake Kumerow
25%
OLDavid Quessenberry
24%
RBReggie Gilliam
24%
DLAJ Epenesa
23%
DLShaq Lawson
22%
LBTerrel Bernard
20%
DLTim Settle
20%
CBSiran Neal
18%
LBTyrel Dodson
17%
LBBabylon Spector
16%
OLBobby Hart
16%
CBCam Lewis
16%
OLGreg Van Roten
15%
OLTommy Doyle
14%
LBTyler Matakevich
14%
WRMarquez Stevenson
10%

Score Distribution

Percentile by Number Answered

Percent of People with Each Score

Your Score History

You have not taken this quiz